LEADER 01073nam a22002531i 4500 001 991001950179707536 005 20040110153337.0 008 040407s1965 it a||||||||||||||||ita 035 $ab12847951-39ule_inst 035 $aARCHE-082757$9ExL 040 $aDip.to Scienze Storiche$bita$cA.t.i. Arché s.c.r.l. Pandora Sicilia s.r.l. 082 04$a709.45 100 1 $aBossaglia, Rossana$010570 245 10$aTestimonianze critiche dell'età Liberty in Italia :$b1895-1910 /$cRossana Bossaglia 260 $aMilano :$b[s.n.],$c1965 300 $aP. 903-950 :$bill. ;$c23 cm 500 $aEstr. da: Arte in Europa: scritti di storia dell'arte in onore di Edoardo Arslan. 650 4$aLiberty$zItalia$y1895-1910 907 $a.b12847951$b02-04-14$c16-04-04 912 $a991001950179707536 945 $aLE009 ARTE MISC. 9/19 (Fondo Bottari)$g1$iLE009-3484/19$lle009$o-$pE0.00$q-$rn$so $t0$u0$v0$w0$x0$y.i13403837$z16-04-04 996 $aTestimonianze critiche dell'età Liberty in Italia$9302290 997 $aUNISALENTO 998 $ale009$b16-04-04$cm$da $e-$fita$git $h0$i1 LEADER 01126nam 2200325 450 001 9910147229903321 005 20230611095918.0 035 $a(CKB)1000000000035515 035 $a(NjHacI)991000000000035515 035 $a(EXLCZ)991000000000035515 100 $a20230611d2000 uy 0 101 0 $aeng 135 $aur||||||||||| 181 $ctxt$2rdacontent 182 $cc$2rdamedia 183 $acr$2rdacarrier 200 10$aAmerican National Standard $eLow-voltage power circuit breakers and AC power circuit protectors : preferred ratings, related requirements, and application recommendations /$fAmerican National Standards Institute 210 1$aNew York :$cInstitute of Electrical and Electronics Engineers,$d2000. 215 $a1 online resource 311 $a0-7381-3599-2 517 $aANSI C37.16-2000 606 $aElectric circuit-breakers$xStandards 615 0$aElectric circuit-breakers$xStandards. 676 $a338.47621312 801 0$bNjHacI 801 1$bNjHacl 906 $aDOCUMENT 912 $a9910147229903321 996 $aAmerican National Standard$93382501 997 $aUNINA LEADER 01444nam 2200397 450 001 9910713691703321 005 20200611102621.0 035 $a(CKB)5470000002502753 035 $a(OCoLC)1157344688 035 $a(EXLCZ)995470000002502753 100 $a20200611d2020 ua 0 101 0 $aeng 135 $aur||||||||||| 181 $ctxt$2rdacontent 182 $cc$2rdamedia 183 $acr$2rdacarrier 200 10$a2020 census: COVID-19 presents delays and risks to census count : a report to congressional requesters 210 1$a[Washington, D.C.] :$cUnited States Government Accountability Office,$d2020. 215 $a1 online resource (ii, 18 pages) $ccolor illustrations 300 $a"June 2020." 300 $a"GAO-20-551R." 320 $aIncludes bibliographical references. 517 $a2020 census 606 $aCOVID-19 (Disease)$zUnited States 606 $aComputer networks$xSecurity measures$zUnited States 607 $aUnited States$xCensus, 2020$xPlanning 607 $aUnited States$xCensus, 2020$xCost effectiveness 607 $aUnited States$xCensus, 2020$xData processing 615 0$aCOVID-19 (Disease) 615 0$aComputer networks$xSecurity measures 801 0$bGPO 801 1$bGPO 906 $aBOOK 912 $a9910713691703321 996 $a2020 census: COVID-19 presents delays and risks to census count : a report to congressional requesters$93345623 997 $aUNINA